Maritime logistics: contemporary issues

Gorde:
Xehetasun bibliografikoak
Egile Nagusiak: Song, Dong-Wook (Egilea), Panayides, Photis M (Egilea)
Formatua: Liburua
Hizkuntza:ingelesa
Argitaratua: Emerald Group Pubishing Limited 2012
Edizioa:1a. ed
Gaiak:
Etiketak: Etiketa erantsi
Etiketarik gabe, Izan zaitez lehena erregistro honi etiketa jartzen!

MARC

LEADER 00000cam a2200000 a 4500
001 UCF2738
003 CL-VaPUC
008 120910e20120000UK |||||||||||||||||eng|d
020 |a 9781780523408 
082 0 4 |a 387.0687  |b SON  |2 21 
100 0 |a Song, Dong-Wook  |e author  |9 564501 
700 0 |a Panayides, Photis M  |e author  |9 564502 
245 1 0 |a Maritime logistics: contemporary issues 
250 |a 1a. ed 
300 |a 289 p 
942 |c BK 
945 |d 20120910 00:00:00  |a cmena 
260 |b Emerald Group Pubishing Limited  |c 2012 
650 0 |a Transporte marítimo  |9 260127 
650 0 |a Puertos  |9 260105 
650 0 |a Contenedores   |9 260923 
650 7 |a LOGISTICA  |2 CL-VaPUC  |9 485423 
650 7 |a TERMINALES DE CONTENEDORES  |2 CL-VaPUC  |9 564498 
650 0 |a Terminales portuarios   |9 546601 
650 7 |a MANEJO DE CARGA  |2 CL-VaPUC  |9 260791 
650 0 |a Planificación estratégica   |9 259735 
583 |a last modification  |c 20120910 11:39:00  |k Rodrigo Vera 
999 |c 349277  |d 349275 
952 |0 0  |1 0  |4 0  |6 387_068700000000000_SON_2012  |7 0  |8 A  |9 451843  |a BIBING  |b BIBING  |d 2019-11-22  |i 4901797  |o 387.0687 SON 2012  |p 4901797  |r 2025-01-20  |w 2019-11-22  |y BK  |k EII